| 000 | 00510cam a2200217ua 4500 | ||
|---|---|---|---|
| 020 | _c6.00 | ||
| 041 |
_aeng _h |
||
| 082 |
_a515.1 _bFRA/CA |
||
| 100 | _aFrancis Raj, M I . | ||
| 245 |
_aCalculus / _cM I Francis Raj. _hTextual Documents |
||
| 250 |
_a9 / _b. |
||
| 260 |
_a : _bSt.Joseph industrial school press , _c1966. |
||
| 300 | _a384 ; . | ||
| 365 | _a6.00 | ||
| 504 | _a | ||
| 942 | _cBK | ||
| 999 |
_c9247 _d9247 |
||